| 000 | 00771nam a22002535a 4500 | ||
|---|---|---|---|
| 005 | 20170517104855.0 | ||
| 008 | 170517t2016 nyua frb 001 0 eng d | ||
| 020 | _a9789814720175 | ||
| 020 | _a9814720178 | ||
| 040 |
_aEG-ScBUE _beng _cEG-ScBUE _dEG-ScBUE |
||
| 082 | 0 | 4 |
_222 _a620.106 _bWHI |
| 100 | 1 | _aWhite, Frank M. | |
| 245 | 1 | 0 |
_aFluid mechanics / _cFrank M. White ; adapted by Rhim Yoon Chul. |
| 250 | _a8th ed., SI Units. | ||
| 260 |
_aNew York : _bMcGraw-Hill education, _cc.2016. |
||
| 300 |
_axiv, 773 p. : _bill. ; _c24 cm. |
||
| 500 | _aIndex : p. 763-773. | ||
| 504 | _aIncludes bibliographical references. | ||
| 650 | 7 |
_2BUEsh _95179 _aFluid mechanics. |
|
| 651 | _2BUEsh | ||
| 653 |
_bENGGEN _cMay2017 |
||
| 700 | 1 | _aChul, Rhim Yoon. | |
| 942 | _2ddc | ||
| 999 |
_c24836 _d24808 |
||